| 000 | 00820nam a22002537a 4500 | ||
|---|---|---|---|
| 001 | 9784 | ||
| 003 | FISKH | ||
| 005 | 20260224105731.0 | ||
| 008 | 260224b cb ||||| |||| 00| 0 eng d | ||
| 040 |
_aFISKH _beng _cFISKH _dFISKH |
||
| 082 | _a302.3 | ||
| 100 | _aNichols , Yuriko | ||
| 245 |
_aTeam are neat / _cwritten by Yuriko Nichols : Illustrated by Ron Wheeler |
||
| 260 |
_aMelrose , FL : _bCommnon Sense Press , _c1998 . |
||
| 300 |
_a10 pages : _billustrations ; _c14 X 21 cm . |
||
| 490 |
_aLong Vowel Reader _vBook 4 |
||
| 505 | _aC | ||
| 520 | _aThe message of the book is that cooperation, sharing, and helping each other make teams successful. | ||
| 521 | 8 |
_a100
_bLexile |
|
| 521 | 8 |
_aC
_bRaz-Plus |
|
| 700 |
_aWheeler , Ron _eIllustrator |
||
| 942 |
_2ddc _cBK _n0 |
||
| 999 |
_c9784 _d9784 |
||